The ultimate hiker's gear guide : tools & techniques to hit the trail /

"A show-and-tell guide to clothing, footwear, backpacks, shelter and sleep systems, camp stoves, and more, as well as tips on foot care, campsite selection, and hiking efficiency, this single book contains all the knowledge you'll need to hit the trail,"--Amazon.com.

Bibliographic Details
Main Author: Skurka, Andrew (Author)
Format: Book
Language:English
Published: Washington, D.C. : National Geographic, [2017]
Edition:Second edition.
Subjects:

MARC

Tag First Indicator Second Indicator Subfields
LEADER 00000cam a2200000Ii 4500
001 in00003869749
005 20170712145448.0
008 170228s2017 dcua 001 0 eng d
035 |a (OCoLC)ocn973929828 
040 |a IG$  |b eng  |e rda  |c IG$  |d OCLCO  |d JRZ  |d GO6  |d ON8  |d VP@  |d FM0  |d TXLBH  |d OCLCF  |d IGA  |d RCJ 
020 |a 9781426217845  |q (paperback) 
020 |a 1426217846  |q (paperback) 
050 4 |a GV199.62  |b .S58 2017 
082 0 4 |a 796.51028/4  |2 23 
049 |a TXAM 
100 1 |a Skurka, Andrew,  |e author. 
245 1 4 |a The ultimate hiker's gear guide :  |b tools & techniques to hit the trail /  |c Andrew Skurka. 
246 3 0 |a Hiker's gear guide 
246 3 4 |a National Geographic the ultimate hiker's gear guide 
250 |a Second edition. 
264 1 |a Washington, D.C. :  |b National Geographic,  |c [2017] 
300 |a 239 pages :  |b color illustrations ;  |c 22 cm 
336 |a text  |b txt  |2 rdacontent 
336 |a still image  |b sti  |2 rdacontent 
337 |a unmediated  |b n  |2 rdamedia 
338 |a volume  |b nc  |2 rdacarrier 
500 |a Includes index. 
505 0 |a Why, when & where -- Tools & techniques -- Sample gear kits. 
520 |a "A show-and-tell guide to clothing, footwear, backpacks, shelter and sleep systems, camp stoves, and more, as well as tips on foot care, campsite selection, and hiking efficiency, this single book contains all the knowledge you'll need to hit the trail,"--Amazon.com. 
650 0 |a Hiking  |x Equipment and supplies. 
650 0 |a Backpacking  |x Equipment and supplies. 
650 4 |a Hiking  |x Equipment and supplies. 
650 7 |a Backpacking  |x Equipment and supplies.  |2 fast  |0 (OCoLC)fst00825123 
650 7 |a Hiking  |x Equipment and supplies.  |2 fast  |0 (OCoLC)fst00956760 
650 7 |a SPORTS & RECREATION / Hiking.  |2 bisacsh 
650 7 |a SPORTS & RECREATION / Walking.  |2 bisacsh 
948 |a cataloged  |b h  |c 2017/7/12  |d c  |e ceaton  |f 2:54:16 pm 
994 |a C0  |b TXA 
999 f f |s b67f64c2-9d32-3578-9315-ab038b376063  |i a420d843-cfcd-3f6c-a9da-a489acf1a259  |t 0 
952 f f |p normal  |a Texas A&M University  |b College Station  |c Sterling C. Evans Library  |d Evans: Library Stacks  |t 0  |e GV199.62 .S58 2017  |h Library of Congress classification  |i unmediated -- volume  |m A14850197972 
998 f f |a GV199.62 .S58 2017  |t 0  |l Evans: Library Stacks